000 00619nam a22001817a 4500
999 _c186805
_d186805
005 20220316174834.0
010 _aENG-132011
020 _a9789353885281
_c1295.00
035 _aEN-115543
037 _bDBAD
082 _a954.042
100 _aVengasseri, Ismail
245 _a1962 Border War:
_bSino-Indian Territorial Disputes And Beyond/
_cIsmail Vengasseri
260 _aNew Delhi
_bSage Publications India Pvt. Ltd
_c2021
270 _bNew Delhi
_aB-I/I-I, Mohan Cooperative Industrial Area, Mathura Road
_e110044
300 _axiii, 275p.
_bIndex
_c22cm(hbk)
942 _2ddc
_cEN
_h954.042
_mVEN